00362pab a2200121 454500008004000000100001800040245008900058260000900147300001500156362000800171650002500179773003600204180718b2013 xxu||||| |||| 00| 0 eng d aHibbert, Paul aApproaching reflexivity through reflection: Issues for critical management education c2013 ap.803-827. aDec aManagement education aJournal of Management Education